000 00478nam a2200169Ia 4500
008 191130s9999##################000#0#eng##
040 _aACL
_cACL
082 _a348.4204 ALL
245 _aThe all England law reports 1952
_cGeneral Editor ; G.F.L. Bridgman
260 _aLondon
_bButterworth & Co
300 _a1136 p.; 23 cm.
650 _aLaw- Reports
700 _aBridgman, G. F. L
990 _a874de708ac10000c53bc22361d157c8d
991 _a442048
999 _c300713
_d300713